Carbon capture / (Record no. 355279)
[ view plain ]
| 000 -LEADER | |
|---|---|
| fixed length control field | 01829nam a2200289 a 4500 |
| 001 - CONTROL NUMBER | |
| control field | ASIN1847559174 |
| 003 - CONTROL NUMBER IDENTIFIER | |
| control field | Nust- CAS-E |
| 005 - DATE AND TIME OF LATEST TRANSACTION | |
| control field | 20180118181356.0 |
| 008 - FIXED-LENGTH DATA ELEMENTS--GENERAL INFORMATION | |
| fixed length control field | 140304s2009 xxu eng d |
| 020 ## - INTERNATIONAL STANDARD BOOK NUMBER | |
| International Standard Book Number | 1847559174 |
| Terms of availability | $96.00 |
| 020 ## - INTERNATIONAL STANDARD BOOK NUMBER | |
| International Standard Book Number | 9781847559173 |
| 040 ## - CATALOGING SOURCE | |
| Transcribing agency | 0 |
| 082 ## - DEWEY DECIMAL CLASSIFICATION NUMBER | |
| Classification number | 628.532 |
| Author Mark | CAR 2009 |
| 245 10 - TITLE STATEMENT | |
| Title | Carbon capture / |
| Statement of responsibility, etc. | R E Hester, R M Harrison, Vassilis Kitidis, Klaus Lackner. |
| 250 ## - EDITION STATEMENT | |
| Edition statement | 1st Edition. |
| 260 ## - PUBLICATION, DISTRIBUTION, ETC. | |
| Place of publication, distribution, etc. | [S.l.] : |
| Name of publisher, distributor, etc. | Royal Society of Chemistry, |
| Date of publication, distribution, etc. | 2009. |
| 300 ## - PHYSICAL DESCRIPTION | |
| Extent | 324 p. ; |
| Dimensions | 24 cm. |
| 490 1# - SERIES STATEMENT | |
| Series statement | Issues in environmental science and technology. |
| 520 ## - SUMMARY, ETC. | |
| Summary, etc. | It is widely recognised that global warming is occurring due to increasing levels of carbon dioxide and other greenhouse gases in the atmosphere. Methods of capturing and then storing CO2 from major sources such as fossil-fuel-burning power plants are being developed to reduce the levels emitted to the atmosphere by human activities. The book reports on progress in this field and provides a context within the range of natural absorption processes in the oceans and forests and in soil. Comparisons with alternative energy sources such as solar and nuclear are made and policy issues are also reviewed. This book, which is very topical as it impacts on the lives of all of us, is multi-authored by experts ensuring expertise across the full range of this highly technical but mainstream subject. It is cutting edge science and technology presented in a highly readable form along with an extensive bibliography. |
| 700 1# - ADDED ENTRY--PERSONAL NAME | |
| Personal name | Hester, R E. |
| 700 1# - ADDED ENTRY--PERSONAL NAME | |
| Personal name | Harrison, R M. |
| 700 1# - ADDED ENTRY--PERSONAL NAME | |
| Personal name | Kitidis, Vassilis. |
| 700 1# - ADDED ENTRY--PERSONAL NAME | |
| Personal name | Lackner, Klaus. |
| 830 #0 - SERIES ADDED ENTRY--UNIFORM TITLE | |
| Uniform title | Issues in environmental science and technology. |
| 856 40 - ELECTRONIC LOCATION AND ACCESS | |
| Materials specified | Amazon.com |
| Uniform Resource Identifier | <a href="http://www.amazon.com/exec/obidos/ASIN/1847559174/chopaconline-20">http://www.amazon.com/exec/obidos/ASIN/1847559174/chopaconline-20</a> |
| 942 ## - ADDED ENTRY ELEMENTS (KOHA) | |
| Source of classification or shelving scheme | |
| Koha item type | Book |
| Withdrawn status | Lost status | Source of classification or shelving scheme | Damaged status | Not for loan | Permanent Location | Current Location | Shelving location | Date acquired | Source of acquisition | Total Checkouts | Full call number | Barcode | Date last seen | Cost, replacement price | Price effective from | Koha item type | Collection code | Copy number | Date last checked out | Total Renewals |
|---|---|---|---|---|---|---|---|---|---|---|---|---|---|---|---|---|---|---|---|---|
| US-Pakistan Center for Advanced Studies in Energy (USPCAS-E) | Central Library (CL) | General Stacks | 03/12/2015 | Anas traders | 2 | 628.532 CAR 2009 | CAS-E0000482 | 12/13/2024 | 03/12/2015 | Book | 4 | 10/05/2023 | 1 | |||||||
| US-Pakistan Center for Advanced Studies in Energy (USPCAS-E) | US-Pakistan Center for Advanced Studies in Energy (USPCAS-E) | General Stacks | 04/15/2013 | Victoria co | 628.532 CAR 2009 | CAS-E0000151 | 03/04/2014 | 11089.00 | 03/04/2014 | Book | ||||||||||
| US-Pakistan Center for Advanced Studies in Energy (USPCAS-E) | US-Pakistan Center for Advanced Studies in Energy (USPCAS-E) | General Stacks | 03/12/2015 | Anas traders | 628.532 CAR 2009 | CAS-E0000480 | 03/12/2015 | 03/12/2015 | Book | 2 | ||||||||||
| US-Pakistan Center for Advanced Studies in Energy (USPCAS-E) | US-Pakistan Center for Advanced Studies in Energy (USPCAS-E) | General Stacks | 03/12/2015 | Anas traders | 1 | 628.532 CAR 2009 | CAS-E0000481 | 11/29/2016 | 03/12/2015 | Book | 3 | 10/17/2016 |
